اكتمل التصدير — 

 Thiết kế ô tô

Đã lưu trong:
Bibliografiske detaljer
Format: Sách
Sprog:Undetermined
Udgivet:  Đại học Quốc gia TP. Hồ Chí Minh  2021
Fag:
Tags: Tilføj Tag
Ingen Tags, Vær først til at tagge denne postø!
Thư viện lưu trữ: Trung tâm Thư viện - Trường Đại học Công nghiệp TP. Hồ Chí Minh
LEADER 00422nam a2200133Ia 4500
001 UIH_03163
008 231011s9999 xx 000 0 und d
082 |a  629.2 
245 0 |a  Thiết kế ô tô 
260 |b  Đại học Quốc gia TP. Hồ Chí Minh 
260 |c  2021 
650 |a  Ô tô;  
927 |a Sách 
980 |a Trung tâm Thư viện - Trường Đại học Công nghiệp TP. Hồ Chí Minh